Państwa Produkujące Najwięcej Truskawek - Statystyki

Ogólne statystyki
  • Ten quiz został rozwiązany 295 razy
  • Średni wynik to 11 z 15
Statystyki odpowiedzi
Produkcja tony Kraj % Poprawnych
195 578 Polska
97%
1 296 272 Stany Zjednoczone
94%
2 964 263 Chiny
93%
141 693 Niemcy
92%
344 679 Hiszpania
87%
199 000 Rosja
87%
119 223 Włochy
84%
653 639 Meksyk
77%
440 968 Turcja
71%
163 486 Japonia
70%
131 639 Wielka Brytania
69%
213 054 Korea Południowa
48%
362 639 Egipt
47%
143 440 Maroko
42%
79 494 Białoruś
39%
Nie znaleziono quizów pasujących do podanych kryteriów
Rozkład punktacji
Procent ludzi z każdym wynikiem
Percentyl według liczby udzielonych odpowiedzi
Twoja historia wyników
Nie rozwiązałeś tego quizu